ジュニアトーナメント出場経験のある現役選手(2026) - Statistics

General Stats
  • This quiz has been taken 12 times
  • The average score is 31 of 83
Answer Stats
現所属 出場年 ジュニアチーム ポジション Answer % Correct
オリックス 2007年 オリックスJr. 捕手 森友哉
78%
楽天 2014年 広島Jr. 内野手 宗山塁
78%
ロッテ 2012年 オリックスJr. 外野手 藤原恭大
78%
阪神 2010年 阪神Jr. 内野手 佐藤輝明
67%
オリックス 2019年 巨人Jr. 投手 佐藤龍月
67%
DeNA 2014年 DeNAJr. 内野手 加藤響
56%
DeNA 2014年 ヤクルトJr. 外野手 度会隆輝
56%
巨人 2015年 日本ハムJr. 投手 林燦
56%
中日 2012年 中日Jr. 投手 根尾昂
56%
広島 2012年 阪神Jr. 内野手 林晃汰
56%
広島 2012年 ソフトバンクJr. 外野手 中村貴浩
56%
ヤクルト 2018年 ヤクルトJr. 内野手 田中陽翔
56%
ソフトバンク 2005年 ロッテJr. 外野手 近藤健介
56%
ソフトバンク 2017年 オリックスJr. 投手 前田悠伍
56%
日本ハム 2009年 ロッテJr. 捕手 郡司裕也
56%
楽天 2015年 楽天Jr. 投手 伊藤樹
56%
ロッテ 2011年 阪神Jr. 内野手 安田尚憲
56%
阪神 2016年 日本ハムJr. 投手 門別啓人
44%
巨人 2010年 日本ハムJr. 外野手 若林楽人
44%
中日 2005年 日本ハムJr. 外野手 川越誠司
44%
中日 2013年 中日Jr. 内野手 石川昂弥
44%
中日 2014年 中日Jr. 投手 髙橋宏斗
44%
日本ハム 2008年 ヤクルトJr. 外野手 淺間大基
44%
日本ハム 2010年 ヤクルトJr. 外野手 五十幡亮汰
44%
日本ハム 2012年 ロッテJr. 捕手 田宮裕涼
44%
日本ハム 2015年 ロッテJr. 内野手 有薗直輝
44%
日本ハム 2019年 DeNAJr. 内野手 半田南十
44%
オリックス 2014年 オリックスJr. 外野手 来田涼斗
44%
楽天 2008年 横浜Jr. 内野手 渡邊佳明
44%
楽天 2014年 阪神Jr. 投手 内星龍
44%
西武 2008年 オリックスJr. 外野手 岸潤一郎
44%
西武 2011年 オリックスJr. 外野手 西川愛也
44%
西武 2015年 西武Jr. 投手 羽田慎之介
44%
西武 2015年 日本ハムJr. 外野手 秋山俊
44%
西武 2017年 巨人Jr. 投手 杉山遙希
44%
ロッテ 2008年 ソフトバンクJr. 投手 小野郁
44%
ロッテ 2015年 ヤクルトJr. 投手 秋山正雲
44%
阪神 2009年 横浜Jr. 外野手 豊田寛
33%
阪神 2013年 ロッテJr. 投手 及川雅貴
33%
DeNA 2010年 オリックスJr. 捕手 九鬼隆平
33%
DeNA 2015年 日本ハムJr. 内野手 宮下朝陽
33%
巨人 2014年 巨人Jr. 投手 木下幹也
33%
巨人 2015年 日本ハムJr. 投手 松浦慶斗
33%
中日 2013年 日本ハムJr. 内野手 辻本倫太郎
33%
広島 2015年 阪神Jr. 内野手 勝田成
33%
ヤクルト 2007年 広島Jr. 投手 田口麗斗
33%
ヤクルト 2010年 ロッテJr. 投手 木澤尚文
33%
ヤクルト 2013年 広島Jr. 投手 石原勇輝
33%
ヤクルト 2015年 DeNAJr. 内野手 松下歩叶
33%
ソフトバンク 2014年 DeNAJr. 内野手 庄子雄大
33%
ソフトバンク 2017年 ソフトバンクJr. 捕手 藤田悠太郎
33%
日本ハム 2015年 ヤクルトJr. 内野手 大塚瑠晏
33%
オリックス 2011年 オリックスJr. 内野手 野口智哉
33%
オリックス 2015年 オリックスJr. 外野手 池田陵真
33%
楽天 2012年 ソフトバンクJr. 投手 江原雅裕
33%
楽天 2015年 ロッテJr. 外野手 吉野創士
33%
西武 2012年 西武Jr. 外野手 蛭間拓哉
33%
西武 2015年 DeNAJr. 捕手 小島大河
33%
ロッテ 2011年 ロッテJr. 内野手 池田来翔
33%
DeNA 2010年 ソフトバンクJr. 投手 浜地真澄
22%
DeNA 2011年 オリックスJr. 投手 竹田祐
22%
DeNA 2011年 楽天Jr. 内野手 西巻賢二
22%
DeNA 2017年 楽天Jr. 投手 武田陸玖
22%
巨人 2015年 広島Jr. 投手 花田侑樹
22%
中日 2012年 ロッテJr. 捕手 石橋康太
22%
広島 2015年 中日Jr. 捕手 髙木翔斗
22%
ソフトバンク 2013年 巨人Jr. 投手 村田賢一
22%
楽天 2009年 ロッテJr. 投手 津留﨑大成
22%
楽天 2010年 ロッテJr. 投手 藤平尚真
22%
楽天 2015年 ソフトバンクJr. 内野手 繁永晟
22%
西武 2019年 西武Jr. 内野手 横田蒼和
22%
ロッテ 2015年 ソフトバンクJr. 投手 毛利海大
22%
ロッテ 2019年 阪神Jr. 投手 奥村頼人
22%
巨人 2016年 西武Jr. 外野手 相澤白虎
11%
巨人 2017年 DeNAJr. 内野手 田上優弥
11%
巨人 2018年 ロッテJr. 内野手 石塚裕惺
11%
中日 2016年 楽天Jr. 捕手 山浅龍之介
11%
ヤクルト 2012年 中日Jr. 外野手 澤井廉
11%
ソフトバンク 2014年 オリックスJr. 投手 田上奏大
11%
ソフトバンク 2018年 巨人Jr. 内野手 宇野真仁朗
11%
オリックス 2008年 ソフトバンクJr. 内野手 香月一也
11%
オリックス 2014年 中日Jr. 外野手 元謙太
11%
オリックス 2019年 中日Jr. 捕手 野上士耀
11%
No matching quizzes found
Score Distribution
Percent of People with Each Score
Percentile by Number Answered
Your Score History
You have not taken this quiz